|
|
|
|
| LEADER |
00000nas a2200000 a 4500 |
| 001 |
ssj0001869 |
| 003 |
WaSeSS |
| 005 |
20200512172242.0 |
| 006 |
m d |
| 007 |
cr n |
| 008 |
881228d19891996njubr p s o 0 a0eng c |
| 010 |
|
|
|a 89646687
|z sn 89006620
|
| 016 |
|
|
|a (AMICUS)000008581851
|
| 022 |
|
|
|l 1042-3494
|y 1042-3494
|
| 032 |
|
|
|a 812060
|b USPS
|
| 035 |
|
|
|a (WaSeSS)ssj0001869
|
| 040 |
|
|
|a IBI
|b eng
|c IBI
|d NSD
|d NYG
|d NSD
|d DLC
|d COO
|d DLC
|d HUL
|d NST
|d DLC
|d NST
|d IUL
|d NST
|d HUL
|d IUL
|d OCLCQ
|d OCLCF
|d OCLCO
|d OCLCA
|d NLC
|d MNS
|d OCLCQ
|d WaSeSS
|
| 042 |
|
|
|a nsdp
|a pcc
|
| 050 |
0 |
0 |
|a AP2
|b .C3
|
| 082 |
0 |
0 |
|a 282/.05
|2 20
|
| 130 |
0 |
|
|a Catholic world (Mahwah, N.J.)
|
| 210 |
0 |
|
|a Cathol. world
|b (1989)
|
| 222 |
|
4 |
|a The Catholic world
|b (1989)
|
| 245 |
1 |
4 |
|a The Catholic world
|h [electronic resource].
|
| 260 |
|
|
|a Mahwah, N.J. :
|b Paulist Press,
|c c1989-c1996.
|
| 310 |
|
|
|a Bimonthly
|
| 362 |
0 |
|
|a Vol. 232, no. 1387 (Jan./Feb. 1989)-v. 239, no. 1429 (Jan./Feb. 1996).
|
| 500 |
|
|
|a Title from cover.
|
| 506 |
|
|
|a License restrictions may limit access.
|
| 550 |
|
|
|a Issued by the Paulist Fathers.
|
| 610 |
2 |
0 |
|a Catholic Church
|v Periodicals.
|
| 610 |
2 |
7 |
|a Catholic Church.
|2 fast
|0 (OCoLC)fst00531720
|
| 650 |
|
4 |
|a Journals.
|
| 655 |
|
0 |
|a Electronic journals.
|
| 710 |
2 |
|
|a Paulist Fathers.
|
| 780 |
0 |
0 |
|t New Catholic world
|x 0363-5066
|w (DLC) 72620681
|w (OCoLC)1298319
|
| 850 |
|
|
|a AU
|a CSt
|a CU-I
|a CU-S
|a CU-SB
|a CaBVaU
|a CaOONL
|a CoFS
|a DLC
|a DeU
|a ICarbS
|a IaAS
|a IaU
|a In
|a InLP
|a InU
|a KMK
|a KyU
|a LU
|a MH
|a MnU
|a MoU
|a NIC
|a NSyU
|a NcD
|a NcRS
|a NcU
|a NcWsW
|a NjP
|a NjR
|a NmU
|a NvU
|a OU
|a OrCS
|a OrU
|a P
|a PPiD
|a TU
|a TxCM
|a ViblbV
|a ViW
|a Wa
|
| 856 |
4 |
0 |
|z Full text available from Research Library: 01/01/1992 to 01/31/1996
|u https://search.proquest.com/publication/41052
|